Александър Велики (Запис номер 332353)
[ съкратено ]
| 000 -Лидер | |
|---|---|
| Контролно поле с фиксирана дължина | 00817aaa a2200229 a 4500 |
| 003 - Код на организацията, давaща контролен номер | |
| Контролно поле | BLK |
| 005 - Дата и час на последна редакция | |
| Контролно поле | 20231209122511.0 |
| 008 - Елементи от данни с фиксирана дължина | |
| fixed length control field | 180816b bul||||| |||| 00| 0 bul d |
| 020 ## - Международен стандартен номер на книга ISBN | |
| Международен стандартен номер на книга ISBN | 978-954-28-2926-3 |
| 040 ## - Източник на каталожния запис | |
| Идентификатор на билиотеката - собственик на записа | BLK |
| 041 ## - Код за език | |
| Код за езика на текст/звукозапис или на отделно заглавие | Български |
| Код за езика КДБФ | Български |
| 080 ## - УДК | |
| Текстов определител УДК | Новогръцка литература |
| УДК код - определител по УДК | 821.146 |
| УДК определител | -31 |
| УДК - код + определител | 821.146-31 |
| 100 ## - Редна дума - Автор | |
| Автор | Казандзакис, Никос |
| R(LIN) | 394868 |
| 139 ## - Редно поле | |
| Авторски знак | Кад - К 13 |
| 245 ## - Сведения за заглавието | |
| Заглавие | Александър Велики |
| Подзаглавни данни | Роман |
| Редно поле (дума) | Никос Казандзакис ; Прев. от гр. Драгомира Вълчева |
| 260 ## - Област на издателските данни | |
| Име на издателя, разпространителя и проч. | Сиела |
| Година на издаване | 2019 |
| Място на издаване, разпространение и проч. | София |
| 300 ## - Физическа характеристика | |
| Страници | 360 с. |
| Размери/Мащаб | 21 см |
| 380 ## - Жанр | |
| Жанр | Худож. лит. |
| 700 ## - Други автори (авторска отговорност) | |
| 9 (RLIN) | 336868 |
| Лично име | Вълчева, Драгомира Василева |
| Автороска отговорност (Описва отношението между автора и произведението) | прев. от гр. |
| 852 ## - Местоположение | |
| Фондова буква | Заемна - подръчен фонд |
| Систематично-азбучна сигнатура | П 887.4-31/К 13 |
| 999 ## - СИСТЕМНИ КОНТРОЛНИ НОМЕРА | |
| Koha biblionumber | 332353 |
| Koha biblioitemnumber | 332353 |
| 942 ## - АРТИКУЛИ | |
| Вид на библиотечния материал | Книги |
| Източник на класификационната схема | Universal Decimal Classification |
| Скрит в OPAC | Не |
| Koha issues (borrowed), all copies | 41 |
| 944 ## - СЪЗДАВАНЕ И РЕДАКЦИЯ на ЗАПИСА | |
| Служител, извършил регистрацията/редакцията | 30552 |
| Статус, дата на статуса | Виолета Тройчева |
| Код за отписване | Код за изгубен артикул | Източник на класификационната схема | Код за повреда | Код за отдаване | Артикулен № | Име на библиотеката - собственик | Име на библиотеката, в която се намира в момента | Статус (Текущо местоположение) | Дата на вписване в системата | Местоположение - отдел | Цена в лева | Систематично азбучна сигнатура | Баркод | Цена в евро | Служебен тип на артикула |
|---|---|---|---|---|---|---|---|---|---|---|---|---|---|---|---|
| Не е изгубен | Universal Decimal Classification | Не е повреден | заемане за дома | 729488 | Регионална библиотека "Любен Каравелов" Русе | Регионална библиотека "Любен Каравелов" Русе | Заемна - подръчен фонд | 2019-07-10 | Заемна - подръчен фонд | 14.32 | П 887.4-31/К 13 | 120000833274 | 7.32 | Книги | |
| Не е изгубен | Universal Decimal Classification | Не е повреден | заемане за дома | 729489 | Регионална библиотека "Любен Каравелов" Русе | Регионална библиотека "Любен Каравелов" Русе | Заемна - подръчен фонд | 2019-07-10 | Заемна - подръчен фонд | 14.32 | П 887.4-31/К 13 | 120000833273 | 7.32 | Книги | |
| Не е изгубен | Universal Decimal Classification | Не е повреден | заемане за дома | 756251 | Регионална библиотека "Любен Каравелов" Русе | Регионална библиотека "Любен Каравелов" Русе | Заемна - подръчен фонд | 2020-03-10 | Заемна - подръчен фонд | 8.95 | 821/К 13 Н | 120000843085 | 4.58 | Книги | |
| Не е изгубен | Universal Decimal Classification | Не е повреден | заемане за дома | 756252 | Регионална библиотека "Любен Каравелов" Русе | Регионална библиотека "Любен Каравелов" Русе | Заемна - подръчен фонд | 2020-03-10 | Заемна - подръчен фонд | 8.95 | 821/К 13 Н | 120000843084 | 4.58 | Книги |